[Event "Madrid 2021-2022 ch - Previa B"]
[Site "Madrid ESP"]
[Date "2022.03.03"]
[Round "1.1"]
[White "Lozano Freras, Sergio"]
[Black "Aldea Moreno, Marina"]
[Result "1-0"]
[WhiteElo "1990"]
[BlackElo "1611"]
[PlyCount "56"]
[EventDate "2022.03.03"]
[EventType "swiss"]
[EventRounds "9"]
[EventCountry "ESP"]
[SourceTitle "Ajedrez en Madrid"]
[Source "lmi"]
[SourceDate "2022.03.04"]
[SourceVersion "1"]
[SourceVersionDate "2022.03.24"]
[SourceQuality "1"]

1. e4 d6 2. d4 Nf6 3. Nc3 g6 4. Be3 Nbd7 5. Nf3 b6 6. Bc4 e6 7. Bg5 h6 8. Bd2
Bg7 9. Qe2 O-O 10. e5 Ne8 11. Qe4 d5 12. Nxd5 exd5 13. Bxd5 Ndf6 14. exf6 Nxf6
15. Bxf7+ Rxf7 16. Qxa8 Re7+ 17. Be3 Nd5 18. O-O-O Nxe3 19. fxe3 Rxe3 20. Rhe1
Rxe1 21. Rxe1 Kh7 22. Qc6 Bd7 23. Qd5 c6 24. Qd6 Bf8 25. Qe5 Bf5 26. Qe8 Qf6
27. Qe5 Qf7 28. Kb1 h5 1-0

[Event "Madrid 2021-2022 ch - Previa B"]
[Site "Madrid ESP"]
[Date "2022.03.03"]
[Round "1.2"]
[White "Villar Grandon, Diego"]
[Black "Torres Rebolledo, Victor"]
[Result "0-1"]
[WhiteElo "1606"]
[BlackElo "1989"]
[PlyCount "90"]
[EventDate "2022.03.03"]
[EventType "swiss"]
[EventRounds "9"]
[EventCountry "ESP"]
[SourceTitle "Ajedrez en Madrid"]
[Source "lmi"]
[SourceDate "2022.03.04"]
[SourceVersion "1"]
[SourceVersionDate "2022.03.24"]
[SourceQuality "1"]

1. e4 c6 2. d4 d5 3. e5 c5 4. c3 Nc6 5. Ne2 Nh6 6. Nd2 cxd4 7. cxd4 Nf5 8. Nf3
e6 9. g4 Nh4 10. Nxh4 Qxh4 11. Nc3 a6 12. Bf4 h5 13. Be2 hxg4 14. Bg3 Qd8 15.
Bxg4 Qb6 16. Qb3 Qxb3 17. axb3 Nxd4 18. Bd1 Bd7 19. O-O Be7 20. Na4 Bb5 21. Re1
Rc8 22. Nc3 Bc6 23. f4 Nf5 24. Bf3 Bc5+ 25. Kg2 Ne3+ 26. Rxe3 Bxe3 27. Rd1 d4
28. Ne4 Bxe4 29. Bxe4 O-O 30. f5 Rc1 31. Rd3 Rc2+ 32. Kf3 Rxb2 33. Bxb7 a5 34.
Bc6 exf5 35. Ba4 Rd2 36. Rxd2 Bxd2 37. Ke2 Be3 38. Be1 Ra8 39. Bc6 Rc8 40. Bd5
Rc5 41. Bc4 Rxe5 42. Bg3 Bf4+ 43. Kd3 Bxg3 44. hxg3 Re3+ 45. Kxd4 Rxg3 0-1

[Event "Madrid 2021-2022 ch - Previa B"]
[Site "Madrid ESP"]
[Date "2022.03.03"]
[Round "1.3"]
[White "Rodriguez Avila, Alvaro"]
[Black "Gonzalez Pena, David I"]
[Result "1-0"]
[WhiteElo "1949"]
[BlackElo "1600"]
[PlyCount "55"]
[EventDate "2022.03.03"]
[EventType "swiss"]
[EventRounds "9"]
[EventCountry "ESP"]
[SourceTitle "Ajedrez en Madrid"]
[Source "lmi"]
[SourceDate "2022.03.04"]
[SourceVersion "1"]
[SourceVersionDate "2022.03.24"]
[SourceQuality "1"]

1. e4 e5 2. Nf3 Nc6 3. Bb5 a6 4. Ba4 Nf6 5. O-O Be7 6. Re1 b5 7. Bb3 O-O 8. d3
d6 9. a4 Rb8 10. axb5 axb5 11. c3 Bg4 12. Nbd2 h6 13. Nf1 Re8 14. h3 Bh5 15.
Ng3 Bg6 16. Nh4 Bh7 17. Nhf5 Bf8 18. Qf3 Qd7 19. Nxh6+ gxh6 20. Qxf6 Bg7 21.
Qf3 b4 22. Bd5 bxc3 23. bxc3 Nd8 24. Nh5 c6 25. Qg3 Bg6 26. Qxg6 Ne6 27. Bxe6
fxe6 28. Nf6+ 1-0

[Event "Madrid 2021-2022 ch - Previa B"]
[Site "Madrid ESP"]
[Date "2022.03.03"]
[Round "1.4"]
[White "Jimenez Carrazoni, Javier"]
[Black "Cuellar Gutierrez, Raul"]
[Result "1-0"]
[WhiteElo "1584"]
[BlackElo "1948"]
[PlyCount "55"]
[EventDate "2022.03.03"]
[EventType "swiss"]
[EventRounds "9"]
[EventCountry "ESP"]
[SourceTitle "Ajedrez en Madrid"]
[Source "lmi"]
[SourceDate "2022.03.04"]
[SourceVersion "1"]
[SourceVersionDate "2022.03.24"]
[SourceQuality "1"]

1. d4 Nf6 2. Bf4 g6 3. Nc3 d6 4. e4 Bg7 5. Qd2 Nbd7 6. f3 e5 7. dxe5 dxe5 8.
Bh6 O-O 9. O-O-O c6 10. h4 b5 11. h5 Nxh5 12. g4 Nf4 13. Qh2 Qc7 14. Bxg7 Kxg7
15. Qxh7+ Kf6 16. Qh4+ Kg7 17. Nge2 Bb7 18. Nxf4 exf4 19. Qh6+ Kf6 20. e5+ Ke7
21. Qg5+ Ke8 22. Ne4 Rg8 23. Nd6+ Kf8 24. Qxf4 Nc5 25. Rh7 Rg7 26. Qh6 Ne6 27.
Rxg7 Nxg7 28. Qh8+ 1-0

[Event "Madrid 2021-2022 ch - Previa B"]
[Site "Madrid ESP"]
[Date "2022.03.03"]
[Round "1.5"]
[White "Simonyan, Arturo"]
[Black "Lazaro Azcutia, Miguel"]
[Result "1-0"]
[WhiteElo "1923"]
[BlackElo "1579"]
[PlyCount "65"]
[EventDate "2022.03.03"]
[EventType "swiss"]
[EventRounds "9"]
[EventCountry "ESP"]
[SourceTitle "Ajedrez en Madrid"]
[Source "lmi"]
[SourceDate "2022.03.04"]
[SourceVersion "1"]
[SourceVersionDate "2022.03.24"]
[SourceQuality "1"]

1. e4 e5 2. Nf3 Nc6 3. d4 exd4 4. Nxd4 Nf6 5. Nxc6 bxc6 6. e5 Qe7 7. Qe2 Nd5 8.
c4 Ba6 9. b3 g6 10. g3 Bg7 11. Bb2 O-O 12. Bg2 Rae8 13. O-O Bxe5 14. Bxe5 Qxe5
15. Qxe5 Rxe5 16. cxd5 Bxf1 17. Kxf1 cxd5 18. Nc3 c6 19. Rd1 Rfe8 20. Bf3 Kf8
21. Ne2 Ke7 22. Rd4 Rb8 23. Ra4 Rb7 24. b4 Kd6 25. Nf4 d4 26. Nd3 Reb5 27. Nc5
Rc7 28. Be2 Rb6 29. a3 Ke7 30. Nb3 c5 31. Nxc5 d6 32. Nd3 Rbc6 33. Nf4 1-0

[Event "Madrid 2021-2022 ch - Previa B"]
[Site "Madrid ESP"]
[Date "2022.03.03"]
[Round "1.6"]
[White "Bartolome Benito, Alejandro"]
[Black "Gutierrez Diaz, Pablo"]
[Result "0-1"]
[WhiteElo "1553"]
[BlackElo "1916"]
[PlyCount "98"]
[EventDate "2022.03.03"]
[EventType "swiss"]
[EventRounds "9"]
[EventCountry "ESP"]
[SourceTitle "Ajedrez en Madrid"]
[Source "lmi"]
[SourceDate "2022.03.04"]
[SourceVersion "1"]
[SourceVersionDate "2022.03.24"]
[SourceQuality "1"]

1. e4 c5 2. Nf3 Nc6 3. d4 cxd4 4. Nxd4 g6 5. Nc3 Bg7 6. Be3 Nf6 7. Bc4 O-O 8.
O-O Nxe4 9. Nxe4 d5 10. Nxc6 bxc6 11. Bd3 dxe4 12. Bxe4 Qc7 13. c3 f5 14. Bf3
e5 15. Qb3+ Kh8 16. Bc5 Re8 17. Rad1 Be6 18. Qa3 e4 19. Be2 Qf7 20. c4 Bxc4 21.
Bxc4 Qxc4 22. Rd7 Red8 23. b3 Qe2 24. Rxd8+ Rxd8 25. Qxa7 h6 26. h3 f4 27. Qf7
Rd5 28. Bf8 Be5 29. Be7 Qb2 30. Qxg6 Bg7 31. Qxc6 Qe5 32. Qc8+ Kh7 33. Bf8 Bf6
34. Rc1 Rd8 35. Qc7+ Qxc7 36. Rxc7+ Kg6 37. Be7 Rd1+ 38. Kh2 Be5 39. Rc6+ Kf7
40. Bh4 e3 41. Rc5 Bd6 42. Rf5+ Ke8 43. Rf6 e2 44. f3 Kd7 45. Bf2 Rf1 46. Bh4
Bc5 47. Rf7+ Ke8 48. Rxf4 Bd6 49. g3 Rf2+ 0-1

[Event "Madrid 2021-2022 ch - Previa B"]
[Site "Madrid ESP"]
[Date "2022.03.03"]
[Round "1.7"]
[White "Cabanas Bravo, Juan Andres"]
[Black "Montoya Cabrera, Ernesto Aleja"]
[Result "1-0"]
[WhiteElo "1903"]
[BlackElo "1551"]
[PlyCount "67"]
[EventDate "2022.03.03"]
[EventType "swiss"]
[EventRounds "9"]
[EventCountry "ESP"]
[SourceTitle "Ajedrez en Madrid"]
[Source "lmi"]
[SourceDate "2022.03.04"]
[SourceVersion "1"]
[SourceVersionDate "2022.03.24"]
[SourceQuality "1"]

1. e4 c5 2. Nf3 d6 3. d4 cxd4 4. Nxd4 a6 5. Nc3 Nf6 6. Bg5 Nc6 7. Nxc6 bxc6 8.
Bc4 Nxe4 9. Nxe4 d5 10. Bb3 h6 11. Be3 e5 12. Ng3 d4 13. Qf3 Qc7 14. Bd2 Bb7
15. O-O-O Bd6 16. Nf5 O-O-O 17. Nxd6+ Qxd6 18. Qxf7 Kb8 19. f3 Rd7 20. Qe6 Qc7
21. Ba5 Qc8 22. Qxe5+ Ka8 23. Rhe1 c5 24. Be6 Qc6 25. Bxd7 Qxd7 26. Qc7 Qa4 27.
Re7 Rb8 28. Kb1 Qb5 29. Qb6 Qc4 30. Rc7 Qe2 31. Re1 Qf2 32. Rxb7 Rxb7 33. Re8+
Rb8 34. Qxb8# 1-0

[Event "Madrid 2021-2022 ch - Previa B"]
[Site "Madrid ESP"]
[Date "2022.03.03"]
[Round "1.8"]
[White "Anton Ortiz, Carlos"]
[Black "Toledo Aguirre, Gonzalo"]
[Result "1/2-1/2"]
[WhiteElo "1519"]
[BlackElo "1879"]
[PlyCount "92"]
[EventDate "2022.03.03"]
[EventType "swiss"]
[EventRounds "9"]
[EventCountry "ESP"]
[SourceTitle "Ajedrez en Madrid"]
[Source "lmi"]
[SourceDate "2022.03.04"]
[SourceVersion "1"]
[SourceVersionDate "2022.03.24"]
[SourceQuality "1"]

1. d4 Nf6 2. Nf3 g6 3. g3 c5 4. c3 Bg7 5. Bg2 O-O 6. O-O d5 7. h3 Nc6 8. Ne5
Nxe5 9. dxe5 Ne4 10. c4 Bxe5 11. cxd5 Nd6 12. Nc3 b5 13. f4 Bg7 14. e4 b4 15.
Ne2 Ba6 16. Rb1 f5 17. e5 Ne4 18. Rf3 Bc4 19. b3 Qxd5 20. Qxd5+ Bxd5 21. Rd3 e6
22. Be3 Rfd8 23. Rc1 Bf8 24. Rdd1 Rac8 25. g4 a5 26. gxf5 gxf5 27. Bxe4 Bxe4
28. Rxd8 Rxd8 29. Bxc5 Rd2 30. Bxf8 Kxf8 31. Kf2 Rxa2 32. Ke3 Rb2 33. Nd4 Bd5
34. Rc5 Bxb3 35. Rxa5 Bd5 36. Rb5 b3 37. Kd3 Rh2 38. Nxf5 Rxh3+ 39. Ne3 Bc4+
40. Kxc4 Rxe3 41. Kd4 Rh3 42. Kc4 Rf3 43. Kc5 Rxf4 44. Kd6 Kf7 45. Rb7+ Kg6 46.
Kxe6 Rc4 1/2-1/2

[Event "Madrid 2021-2022 ch - Previa B"]
[Site "Madrid ESP"]
[Date "2022.03.03"]
[Round "1.9"]
[White "Corchon Granero, Mateo"]
[Black "Fernandez Herrero, Mario"]
[Result "1-0"]
[WhiteElo "1491"]
[BlackElo "1862"]
[PlyCount "79"]
[EventDate "2022.03.03"]
[EventType "swiss"]
[EventRounds "9"]
[EventCountry "ESP"]
[SourceTitle "Ajedrez en Madrid"]
[Source "lmi"]
[SourceDate "2022.03.04"]
[SourceVersion "1"]
[SourceVersionDate "2022.03.24"]
[SourceQuality "1"]

1. e4 c5 2. Nf3 e6 3. d4 cxd4 4. Nxd4 a6 5. c4 Qc7 6. Nc3 Nf6 7. Be3 Bb4 8. f3
Bxc3+ 9. bxc3 Nc6 10. Be2 d6 11. O-O O-O 12. Nb3 b6 13. Qc2 e5 14. Rab1 Rb8 15.
Rb2 Be6 16. Rfb1 Nd7 17. c5 dxc5 18. Bxa6 Rfd8 19. Be2 Ra8 20. Nd2 Na5 21. Bb5
Rab8 22. Qd3 Nf8 23. Qe2 Rd6 24. Nc4 Nxc4 25. Bxc4 Bxc4 26. Qxc4 Rbd8 27. Qe2
Qa7 28. Kf2 Qa5 29. Bd2 Ne6 30. Rc2 Rd3 31. Rbb2 c4 32. Be1 Nf4 33. Qf1 Qc5+
34. Kg3 R8d6 35. h3 Rd1 36. Rd2 R1xd2 37. Rxd2 Rg6+ 38. Kh2 Nd3 39. Bf2 Qa5 40.
Qc1 1-0

[Event "Madrid 2021-2022 ch - Previa B"]
[Site "Madrid ESP"]
[Date "2022.03.03"]
[Round "1.10"]
[White "Baeza Escudero, Javier"]
[Black "Torres Rebolledo, Marcos"]
[Result "1-0"]
[WhiteElo "1849"]
[BlackElo "1478"]
[PlyCount "53"]
[EventDate "2022.03.03"]
[EventType "swiss"]
[EventRounds "9"]
[EventCountry "ESP"]
[SourceTitle "Ajedrez en Madrid"]
[Source "lmi"]
[SourceDate "2022.03.04"]
[SourceVersion "1"]
[SourceVersionDate "2022.03.24"]
[SourceQuality "1"]

1. e4 c5 2. Nf3 d6 3. d4 cxd4 4. Nxd4 Nf6 5. Nc3 g6 6. Be3 Bg7 7. f3 O-O 8. Qd2
Nc6 9. O-O-O d5 10. Qe1 e5 11. Nxc6 bxc6 12. Bg5 d4 13. Na4 Qc7 14. Nc5 Qb6 15.
Nd3 Nd7 16. h4 Rb8 17. b3 c5 18. Nb2 Ba6 19. h5 Rfc8 20. hxg6 fxg6 21. Nc4 Qc7
22. Qh4 Nf8 23. Be7 h6 24. Bd6 Qb7 25. Bxe5 Bxc4 26. Bxc4+ Kh7 27. Bf4 1-0

[Event "Madrid 2021-2022 ch - Previa B"]
[Site "Madrid ESP"]
[Date "2022.03.03"]
[Round "1.11"]
[White "Castro Uceda, Jose Antonio"]
[Black "Portero Rubio, Martin"]
[Result "0-1"]
[WhiteElo "1476"]
[BlackElo "1846"]
[PlyCount "84"]
[EventDate "2022.03.03"]
[EventType "swiss"]
[EventRounds "9"]
[EventCountry "ESP"]
[SourceTitle "Ajedrez en Madrid"]
[Source "lmi"]
[SourceDate "2022.03.04"]
[SourceVersion "1"]
[SourceVersionDate "2022.03.24"]
[SourceQuality "1"]

1. e4 c5 2. Nf3 e6 3. d4 cxd4 4. Nxd4 Nc6 5. Nxc6 bxc6 6. Be2 d5 7. exd5 exd5
8. O-O Bd6 9. Bg4 Qh4 10. h3 f5 11. Bf3 Nf6 12. Nc3 Be6 13. Qe2 Ne4 14. Bxe4
fxe4 15. Qa6 Rc8 16. Nxd5 O-O 17. Ne3 Bxh3 18. Qc4+ Kh8 19. f4 Bxf4 20. Qe2 Qg3
21. Rxf4 Rxf4 22. Nf1 Rxf1+ 23. Qxf1 e3 24. Qe2 Re8 25. Bd2 Bg4 26. Qe1 Qb8 27.
Bc3 Qf4 28. a4 Qg5 29. Qg3 h5 30. Qc7 c5 31. Qxa7 e2 32. Qf7 Re7 33. Qf2 Kg8
34. a5 Rf7 35. Qg3 h4 36. Qb8+ Rf8 37. Qe5 Rf5 38. Qe8+ Kh7 39. a6 Bf3 40. Kf2
Bh5+ 41. Kg1 Bxe8 42. a7 Bc6 0-1

[Event "Madrid 2021-2022 ch - Previa B"]
[Site "Madrid ESP"]
[Date "2022.03.03"]
[Round "1.12"]
[White "Marin Aso, Jose Luis"]
[Black "Sanchez Gonzalez, Samuel"]
[Result "1/2-1/2"]
[WhiteElo "1834"]
[BlackElo "1458"]
[PlyCount "68"]
[EventDate "2022.03.03"]
[EventType "swiss"]
[EventRounds "9"]
[EventCountry "ESP"]
[SourceTitle "Ajedrez en Madrid"]
[Source "lmi"]
[SourceDate "2022.03.04"]
[SourceVersion "1"]
[SourceVersionDate "2022.03.24"]
[SourceQuality "1"]

1. e4 c6 2. d4 d5 3. e5 Bf5 4. h4 h5 5. Bd3 Bxd3 6. Qxd3 e6 7. Bg5 Be7 8. Nf3
Nh6 9. c4 dxc4 10. Qxc4 Nf5 11. Nc3 Nd7 12. Rd1 Nb6 13. Qb3 Qc7 14. g3 Rd8 15.
Ne4 O-O 16. O-O Rd5 17. Rd2 Rb5 18. Qc2 Rd8 19. Rfd1 Rb4 20. b3 a5 21. Bxe7
Qxe7 22. Nfg5 g6 23. Nf6+ Kg7 24. Nf3 a4 25. bxa4 Ra8 26. Qc1 Rbxa4 27. Rb2 Nd5
28. Qg5 Kh8 29. Nxd5 cxd5 30. Qxe7 Nxe7 31. Rxb7 R4a7 32. Rdb1 Kg7 33. Ng5 Kf8
34. R1b2 Kg7 1/2-1/2

[Event "Madrid 2021-2022 ch - Previa B"]
[Site "Madrid ESP"]
[Date "2022.03.03"]
[Round "1.13"]
[White "Jimenez Carrazoni, Marta Elena"]
[Black "Vukotic Jovsic, Dragan"]
[Result "0-1"]
[WhiteElo "1452"]
[BlackElo "1834"]
[PlyCount "100"]
[EventDate "2022.03.03"]
[EventType "swiss"]
[EventRounds "9"]
[EventCountry "ESP"]
[SourceTitle "Ajedrez en Madrid"]
[Source "lmi"]
[SourceDate "2022.03.04"]
[SourceVersion "1"]
[SourceVersionDate "2022.03.24"]
[SourceQuality "1"]

1. d4 c5 2. d5 d6 3. c4 g6 4. Nc3 Bg7 5. e4 Nf6 6. Be3 Qa5 7. f3 O-O 8. Qd2 Bd7
9. h4 h5 10. Be2 a6 11. Nh3 b5 12. Nf2 b4 13. Ncd1 Qc7 14. g4 e6 15. gxh5 Nxh5
16. f4 Ng3 17. Rg1 Nxe2 18. Qxe2 exd5 19. f5 dxe4 20. fxg6 fxg6 21. Rxg6 Bf5
22. Rg1 Nc6 23. h5 Kh7 24. h6 Bh8 25. Qh5 Qf7 26. Qh2 Be5 27. Rg7+ Qxg7 28.
hxg7+ Bxh2 29. gxf8=Q Rxf8 30. Bd2 Bg3 31. Ne3 Be6 32. Ned1 Bg4 33. Be3 Nd4 34.
Rc1 Bxd1 35. Rxd1 Nc2+ 36. Ke2 Nxe3 37. Kxe3 Rxf2 38. Rh1+ Rh2 39. Rxh2+ Bxh2
40. Kxe4 Kg6 41. Kd5 Kf5 42. a3 b3 43. Kc6 Ke4 44. Kb6 Kd4 45. Kxa6 Kxc4 46. a4
Kb4 47. a5 c4 48. Kb6 Bg1+ 49. Kc6 Kxa5 50. Kd5 Kb4 0-1

[Event "Madrid 2021-2022 ch - Previa B"]
[Site "Madrid ESP"]
[Date "2022.03.03"]
[Round "1.14"]
[White "Cardena Contreras, Javier"]
[Black "Enriquez Pastor, Jorge"]
[Result "1-0"]
[WhiteElo "1816"]
[BlackElo "1435"]
[PlyCount "51"]
[EventDate "2022.03.03"]
[EventType "swiss"]
[EventRounds "9"]
[EventCountry "ESP"]
[SourceTitle "Ajedrez en Madrid"]
[Source "lmi"]
[SourceDate "2022.03.04"]
[SourceVersion "1"]
[SourceVersionDate "2022.03.24"]
[SourceQuality "1"]

1. e4 e6 2. d4 d5 3. Nd2 dxe4 4. Nxe4 Nd7 5. Nf3 Ngf6 6. Bd3 Nxe4 7. Bxe4 Nf6
8. Bd3 Be7 9. O-O O-O 10. Qe2 c6 11. c3 b6 12. Bg5 Bb7 13. Rad1 Qc7 14. Ne5
Rad8 15. f4 c5 16. dxc5 Qxc5+ 17. Kh1 g6 18. Rfe1 Nd5 19. Bh6 Rfe8 20. Bb5 Bf8
21. Bxe8 Rxe8 22. Nd7 Qe7 23. Nxf8 Qh4 24. Bg5 Nxf4 25. Bxh4 Bxg2+ 26. Qxg2 1-0

[Event "Madrid 2021-2022 ch - Previa B"]
[Site "Madrid ESP"]
[Date "2022.03.03"]
[Round "1.15"]
[White "Mata Medina, Andres"]
[Black "Feal Albala, Alonso"]
[Result "1/2-1/2"]
[WhiteElo "1374"]
[BlackElo "1809"]
[PlyCount "71"]
[EventDate "2022.03.03"]
[EventType "swiss"]
[EventRounds "9"]
[EventCountry "ESP"]
[SourceTitle "Ajedrez en Madrid"]
[Source "lmi"]
[SourceDate "2022.03.04"]
[SourceVersion "1"]
[SourceVersionDate "2022.03.24"]
[SourceQuality "1"]

1. e4 c5 2. Nf3 Nc6 3. d4 cxd4 4. Nxd4 Nf6 5. Nc3 e5 6. Ndb5 d6 7. Bg5 a6 8.
Na3 b5 9. Nd5 Be7 10. Bxf6 Bxf6 11. c3 Bg5 12. Nc2 Be6 13. Ncb4 Nxb4 14. Nxb4
O-O 15. Bd3 a5 16. Nd5 Rb8 17. O-O Bxd5 18. exd5 f5 19. f3 Rf6 20. Qc2 Qb6+ 21.
Kh1 Rbf8 22. Rae1 b4 23. Qf2 Qb7 24. c4 Rh6 25. b3 f4 26. Qc2 Bh4 27. Rc1 Bg3
28. h3 Qd7 29. Kg1 Rh5 30. c5 Qa7 31. Kh1 Rc8 32. c6 Qf7 33. Kg1 Qa7+ 34. Kh1
Qf7 35. Kg1 Qa7+ 36. Kh1 1/2-1/2

[Event "Madrid 2021-2022 ch - Previa B"]
[Site "Madrid ESP"]
[Date "2022.03.03"]
[Round "1.16"]
[White "Orellana Barrasa, Gonzalo"]
[Black "Rebollo Rico, Ignacio"]
[Result "1-0"]
[WhiteElo "1769"]
[BlackElo "1241"]
[PlyCount "59"]
[EventDate "2022.03.03"]
[EventType "swiss"]
[EventRounds "9"]
[EventCountry "ESP"]
[SourceTitle "Ajedrez en Madrid"]
[Source "lmi"]
[SourceDate "2022.03.04"]
[SourceVersion "1"]
[SourceVersionDate "2022.03.24"]
[SourceQuality "1"]

1. e4 e6 2. d4 d5 3. exd5 exd5 4. Nf3 c6 5. Be2 Bd6 6. Bg5 f6 7. Bh4 Ne7 8. O-O
Bg4 9. Bg3 Qc7 10. Bxd6 Qxd6 11. Re1 Nd7 12. Nh4 Be6 13. c3 g5 14. Bh5+ Kd8 15.
Qe2 Nf8 16. Nf3 Kd7 17. Nbd2 Nf5 18. Nb3 b6 19. Qa6 Qc7 20. Re2 Ng7 21. g4 Nxh5
22. gxh5 Bg4 23. Rae1 Ne6 24. a4 Bxf3 25. Rxe6 Rhe8 26. Qd3 Rxe6 27. Qxh7+ Kd6
28. Rxe6+ Kxe6 29. Qxc7 Re8 30. Nd2 1-0

[Event "Madrid 2021-2022 ch - Previa B"]
[Site "Madrid ESP"]
[Date "2022.03.03"]
[Round "1.17"]
[White "Voytsekhoskyy Pomircha, Victor"]
[Black "Roquero Redondo, Miguel"]
[Result "0-1"]
[WhiteElo "1217"]
[BlackElo "1734"]
[PlyCount "98"]
[EventDate "2022.03.03"]
[EventType "swiss"]
[EventRounds "9"]
[EventCountry "ESP"]
[SourceTitle "Ajedrez en Madrid"]
[Source "lmi"]
[SourceDate "2022.03.04"]
[SourceVersion "1"]
[SourceVersionDate "2022.03.24"]
[SourceQuality "1"]

1. e4 e5 2. Nf3 Nc6 3. Bc4 g6 4. d3 Bg7 5. c3 Nge7 6. Be3 O-O 7. Qc1 d5 8. exd5
Nxd5 9. Bh6 Bf5 10. Bxg7 Kxg7 11. d4 exd4 12. Nxd4 Nxd4 13. cxd4 Re8+ 14. Kd1
Nb4 15. Qd2 Nc2 16. Bd3 Bxd3 17. Qxd3 Nxa1 18. Nc3 Qg5 19. g3 Rad8 20. Ne4 Qd5
21. Re1 Qxd4 22. Qxd4+ Rxd4+ 23. Nd2 Rxe1+ 24. Kxe1 Nc2+ 25. Kd1 Nb4 26. a3 Nd3
27. Ke2 Nxb2 28. Ke3 Rxd2 29. Kxd2 Nc4+ 30. Kc3 Nxa3 31. h4 Nb5+ 32. Kb4 Nd6
33. f4 Nf5 34. g4 Nxh4 35. f5 gxf5 36. gxf5 Nxf5 37. Kc4 a5 38. Kb3 h5 39. Ka4
b6 40. Kb3 h4 41. Kc2 h3 42. Kd3 h2 43. Kd2 h1=Q 44. Kc3 Qd5 45. Kb2 Ne3 46.
Kc1 Qd3 47. Kb2 Nc4+ 48. Kc1 Qd2+ 49. Kb1 Qb2# 0-1

[Event "Madrid 2021-2022 ch - Previa B"]
[Site "Madrid ESP"]
[Date "2022.03.03"]
[Round "1.25"]
[White "Santamaria Baeza, Adolfo"]
[Black "Arnedo Vigueras, Miguel"]
[Result "1-0"]
[WhiteElo "1875"]
[BlackElo "1513"]
[PlyCount "129"]
[EventDate "2022.03.03"]
[EventType "swiss"]
[EventRounds "9"]
[EventCountry "ESP"]
[SourceTitle "Ajedrez en Madrid"]
[Source "lmi"]
[SourceDate "2022.03.04"]
[SourceVersion "1"]
[SourceVersionDate "2022.03.24"]
[SourceQuality "1"]

1. e4 c5 2. Nf3 Nc6 3. Bc4 e6 4. Nc3 Nf6 5. O-O Nxe4 6. Nxe4 d5 7. Bb5 dxe4 8.
Ne5 Qd5 9. Nxc6 bxc6 10. c4 Qd7 11. Ba4 Bb7 12. Re1 Bd6 13. Rxe4 O-O 14. Qh5
Be7 15. Bc2 g6 16. Qe2 Bf6 17. h4 h5 18. g4 hxg4 19. Rxg4 Bc8 20. h5 e5 21. Rg2
g5 22. d4 Qxd4 23. Bxg5 Bxg5 24. Rxg5+ Kh8 25. Rd1 Qf4 26. Qxe5+ Qxe5 27. Rxe5
Rg8+ 28. Kh2 Bg4 29. Rd6 Rg7 30. Be4 Rc8 31. f3 Be6 32. Rxc5 Rcg8 33. Rd2 Rg5
34. Rxg5 Rxg5 35. b3 Rxh5+ 36. Kg3 c5 37. Rd8+ Kg7 38. Ra8 Rg5+ 39. Kf4 Kf6 40.
Rxa7 Rh5 41. Ra5 Rh4+ 42. Ke3 Rh2 43. Bd3 Rb2 44. f4 Rh2 45. Ra6 Rh3+ 46. Kd2
Rh2+ 47. Kc3 Kg7 48. f5 Bd7 49. f6+ Kh6 50. Rd6 Be6 51. a4 Ra2 52. Bb1 Rg2 53.
a5 Rg3+ 54. Kb2 Rg8 55. Be4 Rb8 56. Rb6 Rxb6 57. axb6 Bc8 58. b7 Bxb7 59. Bxb7
Kg5 60. Ka3 Kxf6 61. Ka4 Ke5 62. Kb5 Kd6 63. Bd5 f5 64. Kb6 f4 65. Kb5 1-0

[Event "Madrid 2021-2022 ch - Previa B"]
[Site "Madrid ESP"]
[Date "2022.03.04"]
[Round "2.1"]
[White "Orellana Barrasa, Gonzalo"]
[Black "Lozano Freras, Sergio"]
[Result "0-1"]
[WhiteElo "1769"]
[BlackElo "1990"]
[PlyCount "60"]
[EventDate "2022.03.03"]
[EventType "swiss"]
[EventRounds "9"]
[EventCountry "ESP"]
[SourceTitle "Ajedrez en Madrid"]
[Source "lmi"]
[SourceDate "2022.03.04"]
[SourceVersion "1"]
[SourceVersionDate "2022.03.24"]
[SourceQuality "1"]

1. e4 d6 2. d4 Nf6 3. Nc3 e5 4. dxe5 dxe5 5. Qxd8+ Kxd8 6. Bg5 Be6 7. O-O-O+
Nbd7 8. Nf3 Kc8 9. Bxf6 gxf6 10. Nd2 c6 11. Bc4 Kc7 12. Bxe6 fxe6 13. Nf1 Bh6+
14. Kb1 Rad8 15. Ng3 Nb6 16. Nh5 Rxd1+ 17. Rxd1 Rf8 18. b3 Nd7 19. Rd3 Nc5 20.
Rf3 Bd2 21. b4 Nd7 22. Ng7 Rg8 23. Nxe6+ Kd6 24. Rd3+ Kxe6 25. Rxd2 Rxg2 26. h3
Rh2 27. Ne2 Nb6 28. Rd8 Rxf2 29. Ng3 Nc4 30. Rh8 Rg2 0-1

[Event "Madrid 2021-2022 ch - Previa B"]
[Site "Madrid ESP"]
[Date "2022.03.04"]
[Round "2.3"]
[White "Roquero Redondo, Miguel"]
[Black "Rodriguez Avila, Alvaro"]
[Result "0-1"]
[WhiteElo "1734"]
[BlackElo "1949"]
[PlyCount "124"]
[EventDate "2022.03.03"]
[EventType "swiss"]
[EventRounds "9"]
[EventCountry "ESP"]
[SourceTitle "Ajedrez en Madrid"]
[Source "lmi"]
[SourceDate "2022.03.04"]
[SourceVersion "1"]
[SourceVersionDate "2022.03.24"]
[SourceQuality "1"]

1. e4 c5 2. Nf3 g6 3. d4 cxd4 4. Nxd4 Bg7 5. c4 Nc6 6. Be3 Nf6 7. Nc3 d6 8. Be2
O-O 9. O-O Bd7 10. Qd2 Nxd4 11. Bxd4 Bc6 12. f3 Rc8 13. Rac1 Nd7 14. Bxg7 Kxg7
15. Qd4+ Kg8 16. b4 Qb6 17. Qxb6 Nxb6 18. b5 Bd7 19. Nd5 Nxd5 20. cxd5 f5 21.
b6 axb6 22. Rb1 Rc2 23. Bd1 Rxa2 24. Rxb6 Ra7 25. Bc2 fxe4 26. Bxe4 Bf5 27.
Rfb1 Bxe4 28. fxe4 Rf4 29. e5 dxe5 30. Re6 b5 31. Rxe5 b4 32. g3 Rd4 33. Kf2
Rd7 34. Ke3 R4xd5 35. Rxd5 Rxd5 36. Rxb4 Ra5 37. h3 Kg7 38. Rh4 Ra3+ 39. Kf2 h5
40. Re4 Kf6 41. Rb4 g5 42. Rb5 e6 43. Rb8 h4 44. gxh4 gxh4 45. Kg2 Rg3+ 46. Kh2
e5 47. Rb4 Kg5 48. Re4 Kf5 49. Rxh4 Ra3 50. Rg4 e4 51. Rg3 e3 52. Rg8 Ke4 53.
Kg3 Ra1 54. Re8+ Kd3 55. Rd8+ Ke2 56. Kf4 Rf1+ 57. Ke4 Rh1 58. Ra8 Rxh3 59.
Ra2+ Kf1 60. Ra1+ Kg2 61. Kd3 e2+ 62. Kd2 Rh8 0-1

[Event "Madrid 2021-2022 ch - Previa B"]
[Site "Madrid ESP"]
[Date "2022.03.04"]
[Round "2.4"]
[White "Lozano Argueso, Cesar"]
[Black "Simonyan, Arturo"]
[Result "1-0"]
[WhiteElo "1723"]
[BlackElo "1923"]
[PlyCount "57"]
[EventDate "2022.03.03"]
[EventType "swiss"]
[EventRounds "9"]
[EventCountry "ESP"]
[SourceTitle "Ajedrez en Madrid"]
[Source "lmi"]
[SourceDate "2022.03.04"]
[SourceVersion "1"]
[SourceVersionDate "2022.03.24"]
[SourceQuality "1"]

1. e4 c5 2. Nf3 d6 3. d4 cxd4 4. Nxd4 Nf6 5. Nc3 a6 6. Bg5 e6 7. f4 Nbd7 8. Qf3
Qc7 9. O-O-O b5 10. Bd3 Bb7 11. Rhe1 Nb6 12. Bxf6 gxf6 13. Qh5 O-O-O 14. f5 b4
15. Nb1 e5 16. Nb3 d5 17. N1d2 Kb8 18. Na5 Bc5 19. Ndb3 Rd7 20. Nxb7 Kxb7 21.
exd5 Rc8 22. Qe2 Rcd8 23. Na5+ Ka8 24. Be4 Nxd5 25. Qxa6+ Ba7 26. Rxd5 Rxd5 27.
Rd1 Qb6 28. Rxd5 Rxd5 29. Qc8+ 1-0